Southville International School and Colleges
Your cart is empty.
  • Cart
  • Lists
    Public lists Eva Luna New books Lux_list list_1
    Your lists Log in to create your own lists
  • Log in to your account
  • Your cookies
  • Search history
Southville International School and Colleges
  • Advanced search
  • Recent comments
  • Most popular
  • Libraries

Log in to your account

Log in with GOOGLE


If you do not have an external account, but do have a local account, you can still log in:

  1. Home
  2. MARC view: Socrates /
Normal view MARC view ISBD view

Socrates / (Record no. 103871)

[ view plain ]
MARC details
000 -LEADER
fixed length control field 00631nam a2200181 a 4500
005 - DATE AND TIME OF LATEST TRANSACTION
control field 20140412111309.0
008 - FIXED-LENGTH DATA ELEMENTS--GENERAL INFORMATION
fixed length control field 010327s19uu xx 00 eng d
020 ## - INTERNATIONAL STANDARD BOOK NUMBER
International Standard Book Number 0-8118-1047-X
050 ## - LIBRARY OF CONGRESS CALL NUMBER
Classification number TR(PS E
Item number So2 1993
100 ## - MAIN ENTRY--PERSONAL NAME
Personal name Rascal
245 ## - TITLE STATEMENT
Title Socrates /
Statement of responsibility, etc story by Rascal ; illustrations by Gert Bogaerts.
260 ## - PUBLICATION, DISTRIBUTION, ETC. (IMPRINT)
Place of publication, distribution, etc San Francisco :
Name of publisher, distributor, etc Chronicle Books,
Date of publication, distribution, etc 1993.
300 ## - PHYSICAL DESCRIPTION
Extent 32p. ; ill. ; 29.8x24.5cm
520 ## - SUMMARY, ETC.
Summary, etc When Socrates, a homeless dog, finds a pair of eyeglasses in the street, the incident benefits him in more ways than one.
650 ## - SUBJECT ADDED ENTRY--TOPICAL TERM
Topical term or geographic name as entry element Dogs - Fiction
650 ## - SUBJECT ADDED ENTRY--TOPICAL TERM
Topical term or geographic name as entry element Eyeglasses - Fiction
Holdings
Withdrawn status Lost status Damaged status Home library Current library Shelving location Date acquired Source of acquisition Cost, normal purchase price Total Checkouts Full call number Barcode Date last seen Price effective from Koha item type
      Elizalde Library Elizalde Library Teachers Reference Section 03/27/2001   169.50   TR(PS E So2 1993 E6042 04/12/2014 04/12/2014 Books

Socrates /

APA

Rascal, . (1993). Socrates. San Francisco: Chronicle Books.

Chicago

Rascal, . 1993. Socrates. San Francisco: Chronicle Books.

Harvard

Rascal, . (1993). Socrates. San Francisco: Chronicle Books.

MLA

Rascal, . Socrates. San Francisco: Chronicle Books. 1993.

  • Place hold
  • Print
  • Cite
  • Add to your cart (remove)
  • Save record
    BIBTEX Dublin Core MARCXML MARC (non-Unicode/MARC-8) MARC (Unicode/UTF-8) MARC (Unicode/UTF-8, Standard) MODS (XML) RIS
  • More searches
    Search for this title in:
    Other Libraries (WorldCat) Other Databases (Google Scholar) Online Stores (Bookfinder.com) Open Library (openlibrary.org)

Exporting to Dublin Core...

SOUTHVILLE LIBRARY

Southville International School and Colleges Library

1281 Tropical Ave. Cor. Luxembourg St., BF Homes International, Las Pinas City

Tel. No. 8256374 / 252358 Loc. 117/146

Powered by Koha